Kĩ thuật trồng tràm
Na minha lista:
| Autor principal: | |
|---|---|
| Formato: | Livro |
| Idioma: | Undetermined |
| Publicado em: |
Hậu Giang
Nxb Tổng Hợp Hậu Giang
1985
|
| Assuntos: | |
| Tags: |
Adicionar Tag
Sem tags, seja o primeiro a adicionar uma tag!
|
| Thư viện lưu trữ: | Trung tâm Học liệu Trường Đại học Cần Thơ |
|---|
| LEADER | 00526nam a2200181Ia 4500 | ||
|---|---|---|---|
| 001 | CTU_13311 | ||
| 008 | 210402s9999 xx 000 0 und d | ||
| 082 | |a 634.97 | ||
| 082 | |b Th523 | ||
| 100 | |a Tạ Văn Thụy | ||
| 245 | 0 | |a Kĩ thuật trồng tràm | |
| 245 | 0 | |c Tạ Văn Thụy | |
| 260 | |a Hậu Giang | ||
| 260 | |b Nxb Tổng Hợp Hậu Giang | ||
| 260 | |c 1985 | ||
| 650 | |a cajeput tree,forests and forestry | ||
| 904 | |i Minh, 961126 | ||
| 980 | |a Trung tâm Học liệu Trường Đại học Cần Thơ | ||